Alavaka Damanaya (Record no. 79357)
[ view plain ]
| 000 -LEADER | |
|---|---|
| fixed length control field | 00355nam a2200145Ia 4500 |
| 003 - CONTROL NUMBER IDENTIFIER | |
| control field | LK-CoDNM |
| 008 - FIXED-LENGTH DATA ELEMENTS--GENERAL INFORMATION | |
| fixed length control field | t xxu||||| |||| 00| 0 sin d |
| 040 ## - CATALOGING SOURCE | |
| Original cataloging agency | LK-CoDNM |
| Modifying agency | LK-CoDNM |
| Description conventions | LK-CoDNM |
| 080 ## - UNIVERSAL DECIMAL CLASSIFICATION NUMBER | |
| Universal Decimal Classification number | A.G. / 10 |
| 041 ## - LANGUAGE CODE | |
| Language code of text/sound track or separate title | sin |
| -- | |
| 245 ## - TITLE STATEMENT | |
| Title | Alavaka Damanaya |
| 300 ## - PHYSICAL DESCRIPTION | |
| Extent | Palm leaf , Foll 21 , 20 1/4 in. x 2 1/4 in. |
| 650 ## - SUBJECT ADDED ENTRY--TOPICAL TERM | |
| Topical term or geographic name entry element | Poetry |
| 942 ## - ADDED ENTRY ELEMENTS (KOHA) | |
| Koha item type | Palm Leaf |
| Withdrawn status | Lost status | Damaged status | Not for loan | Collection | Home library | Current library | Date acquired | Full call number | Date last seen | Price effective from | Koha item type |
|---|---|---|---|---|---|---|---|---|---|---|---|
| Ola Leaf Collection | Library National Museum Colombo - Sri Lanka | Library National Museum Colombo - Sri Lanka | 2023-07-14 | A.G. / 10 | 2023-07-14 | 2023-07-14 | Palm Leaf |


